Pokémon par couleur : vert - Statistiques

Statistiques générales
  • Ce quiz a été pris 76 fois
  • Le résultat moyen est 14 sur 20
Statistiques - réponses
Par images Réponse % Correct
Badabouin
100%
Boskara
100%
Bulbizarre
100%
Cacnea
100%
Chapignon
100%
Chétiflor
100%
Chrysacier
100%
Florizarre
100%
Herbizarre
100%
Hydragon
100%
Jungko
100%
Libégon
100%
Majaspic
100%
Méganium
100%
Roserade
100%
Tadmorv d'Alola
100%
Tarenbulle
100%
Tortipouss
100%
Boustiflor
92%
Rayquaza
92%
Zygarde
92%
Tyranocif
91%
Feuillajou
89%
Shaymin
89%
Celebi
88%
Coupenotte
88%
Dynavolt
88%
Farfaduvet
88%
Natu
88%
Prismillon
88%
Arcko
86%
Chenipan
86%
Golemastoc
86%
Grotadmorv d'Alola
86%
Ludicolo
86%
Xatu
86%
Embrylex
83%
Germignon
83%
Mistigrix
83%
Gringolem
82%
Cacturne
80%
Joliflor
80%
Mimigal
80%
Archéodong
78%
Archéomire
78%
Chrysapile
78%
Gloupti
78%
Lianaja
78%
Miasmax
78%
Rosélia
78%
Tarpaud
78%
Viridium
78%
Doudouvet
75%
Empiflor
75%
Insécateur
75%
Macronium
75%
Maracachi
75%
Papinox
75%
Phyllali
75%
Boguérisse
71%
Cheniselle
71%
Dunaja
71%
Nénupiot
71%
Nucléos
71%
Kecleon
70%
Torterra
70%
Blindépique
67%
Brutalibré
67%
Chlorobule
67%
Marisson
67%
Massko
67%
Miamiasme
67%
Ouistempo
67%
Limonde de Galar
64%
Lombre
63%
Météno
63%
Verpom
63%
Couverdure
60%
Floravol
60%
Incisache
60%
Rozbouton
60%
Yanmega
60%
Lanssorien
57%
Vortente
57%
Blancoton
56%
Vacilys
56%
Tropius
55%
Cheniti
50%
Dratatin
50%
Gorythmic
50%
Khélocrok
50%
Vipélierre
50%
Méios
45%
Pomdrapi
43%
Sylveroy
43%
Fantyrm
40%
Vibraninf
40%
Guérilande
38%
Sinistrail
38%
Fragilady
33%
Paragruel
30%
Boréas
29%
Feuiloutan
29%
Torgamord
29%
Bamboiselle
25%
Bargantua
25%
Regidrago
25%
Symbios
25%
Vivaldaim
20%
Dunaconda
17%
Dispareptil
13%
Pachyradjah
11%
Araqua
0%
Galvagon
0%
Tournicoton
0%
Aucun quiz correspondant
Distribution des résultats
% des personnes avec chaque résultat
Percentile par nombre de réponses
Votre historique - résultats
Vous n’avez pas pris ce quiz